LEADER 01966oam 2200517 450 001 9910707459003321 005 20160908121538.0 035 $a(CKB)5470000002464937 035 $a(OCoLC)761235110 035 $a(EXLCZ)995470000002464937 100 $a20111115j198012 ua 0 101 0 $aeng 135 $aurbn||||||||| 181 $ctxt$2rdacontent 182 $cc$2rdamedia 183 $acr$2rdacarrier 200 10$aEconomic evaluation of flying-qualities design criteria for a transport configured with relaxed static stability /$fSteven M. Sliwa 210 1$a[Washington, D.C.] :$cNational Aeronautics and Space Administration, Scientific and Technical Information Branch,$dDecember 1980. 215 $a1 online resource (27 pages) $cillustrations 225 1 $aNASA technical paper ;$v1760 300 $aTitle from title screen (viewed on Aug. 18, 2016). 300 $a"December 1980." 300 $a"Performing Organization: NASA Langley Research Center"--Report documentation page. 320 $aIncludes bibliographical references (pages 14-16). 606 $aAircraft configurations$2nasat 606 $aManeuverability$2nasat 606 $aOptimization$2nasat 606 $aParameterization$2nasat 606 $aTransport aircraft$2nasat 615 7$aAircraft configurations. 615 7$aManeuverability. 615 7$aOptimization. 615 7$aParameterization. 615 7$aTransport aircraft. 700 $aSliwa$b Steven M.$01422208 712 02$aLangley Research Center. 712 02$aUnited States.$bNational Aeronautics and Space Administration.$bScientific and Technical Information Branch, 801 0$bOCLCE 801 1$bOCLCE 801 2$bOCLCQ 801 2$bOCLCO 801 2$bGPO 906 $aBOOK 912 $a9910707459003321 996 $aEconomic evaluation of flying-qualities design criteria for a transport configured with relaxed static stability$93547747 997 $aUNINA LEADER 04352nam 22006732 450 001 9910789313003321 005 20151005020621.0 010 $a1-139-89115-4 010 $a1-107-27191-6 010 $a1-107-27524-5 010 $a1-107-27849-X 010 $a1-299-74933-X 010 $a1-107-27726-4 010 $a1-139-22570-7 010 $a1-107-27400-1 035 $a(CKB)3460000000128952 035 $a(EBL)1303669 035 $a(OCoLC)852158546 035 $a(SSID)ssj0000917848 035 $a(PQKBManifestationID)11956889 035 $a(PQKBTitleCode)TC0000917848 035 $a(PQKBWorkID)10893468 035 $a(PQKB)10883935 035 $a(UkCbUP)CR9781139225700 035 $a(Au-PeEL)EBL1303669 035 $a(CaPaEBR)ebr10729876 035 $a(CaONFJC)MIL506184 035 $a(MiAaPQ)EBC1303669 035 $a(PPN)261296604 035 $a(EXLCZ)993460000000128952 100 $a20111216d2013|||| uy| 0 101 0 $aeng 135 $aur||||||||||| 181 $ctxt$2rdacontent 182 $cc$2rdamedia 183 $acr$2rdacarrier 200 00$aComplexity and the arrow of time /$fedited by Charles H. Lineweaver, Australian National University, Paul C.W. Davies, Arizona State University, Michael Ruse, Florida State University$b[electronic resource] 210 1$aCambridge :$cCambridge University Press,$d2013. 215 $a1 online resource (xii, 357 pages) $cdigital, PDF file(s) 300 $aTitle from publisher's bibliographic system (viewed on 05 Oct 2015). 311 $a1-107-02725-X 311 $a1-107-27252-1 320 $aIncludes bibliographical references and index. 327 $aWhat is complexity? Is it increasing? / Charles H. Lineweaver, Paul C.W. Davies, and Michael Ruse -- Directionality principles from cancer to cosmology / Paul C.W. Davies -- A simple treatment of complexity : cosmological entropic boundary conditions on increasing complexity / Charles H. Lineweaver -- Using complexity science to search for unity in the natural sciences / Eric J. Chaisson -- On the spontaneous generation of complexity in the universe / Seth Lloyd -- Emergent spatiotemporal complexity in field theory / Marcelo Gleiser -- Life : the final frontier for complexity? / Simon Conway Morris -- Evolution beyond Newton, Darwin, and entailing law : the origin of complexity in the evolving biosphere / Stuart A. Kauffman -- Emergent order in processes : the interplay of complexity, robustness, correlation, and hierarchy in the biosphere / D. Eric Smith -- The inferential evolution of biological complexity : forgetting nature by learning to nurture / David C. Krakauer -- Information width : a way for the second law to increase complexity / David H. Wolpert -- Wrestling with biological complexity : from Darwin to Dawkins / Michael Ruse -- The role of generative entrenchment and robustness in the evolution of complexity / William C. Wimsatt -- On the plurality of complexity-producing mechanisms / Philip Clayton. 330 $aThere is a widespread assumption that the universe in general, and life in particular, is 'getting more complex with time'. This book brings together a wide range of experts in science, philosophy and theology and unveils their joint effort in exploring this idea. They confront essential problems behind the theory of complexity and the role of life within it: what is complexity? When does it increase, and why? Is the universe evolving towards states of ever greater complexity and diversity? If so, what is the source of this universal enrichment? This book addresses those difficult questions, and offers a unique cross-disciplinary perspective on some of the most profound issues at the heart of science and philosophy. Readers will gain insights in complexity that reach deep into key areas of physics, biology, complexity science, philosophy and religion. 517 3 $aComplexity & the Arrow of Time 606 $aComplexity (Philosophy) 606 $aScience$xPhilosophy 615 0$aComplexity (Philosophy) 615 0$aScience$xPhilosophy. 676 $a003 686 $aSCI055000$2bisacsh 702 $aLineweaver$b C. H$g(Charley H.), 801 0$bUkCbUP 801 1$bUkCbUP 906 $aBOOK 912 $a9910789313003321 996 $aComplexity and the arrow of time$93747637 997 $aUNINA